| 000 | 00675nam a2200217Ia 4500 | ||
|---|---|---|---|
| 008 | 131103s9999 xx 000 0 und d | ||
| 020 | _a1851529314 | ||
| 040 | _aLoreto College | ||
| 041 | _aEnglish | ||
| 082 |
_a704.947/DAV _bLCLIB/43097 |
||
| 100 | _aDavidson, H.R.Ellis | ||
| 245 |
_aViking and Norse Mythology _cH.R. Ellis Davidson |
||
| 250 | _aPublished by Hamlyn as Scandanavian Mythology in 1982 | ||
| 260 |
_aLondon _bChancellor Press _c1996 |
||
| 300 | _a144p, illus 28.5 cm. | ||
| 440 | _aLibrary of the World's Myths and Legends | ||
| 504 | _aIncludes index | ||
| 650 | _aViking and Norse Mythology | ||
| 651 | _aScandanavian Mythology | ||
| 942 | _cBK | ||
| 999 |
_c2597 _d53076 |
||